Comparison of Soil Permeability Before and After Isntallation of Subsurface Drainage Sym (Record no. 551025)
[ view plain ]
| 000 -LEADER | |
|---|---|
| fixed length control field | 00398nam a22001337a 4500 |
| 082 ## - DEWEY DECIMAL CLASSIFICATION NUMBER | |
| Classification number | P-236 |
| 100 ## - MAIN ENTRY--PERSONAL NAME | |
| Personal name | Muhammad Adeel Khan |
| 9 (RLIN) | 47954 |
| 245 ## - TITLE STATEMENT | |
| Title | Comparison of Soil Permeability Before and After Isntallation of Subsurface Drainage Sym |
| Statement of responsibility, etc. | Bilal Shah |
| 260 ## - PUBLICATION, DISTRIBUTION, ETC. | |
| Place of publication, distribution, etc. | MCE Risalpur |
| Date of publication, distribution, etc. | 13-05-2005 |
| 526 ## - STUDY PROGRAM INFORMATION NOTE | |
| Program name | 0 |
| Interest level | 0 |
| Reading level | 0 |
| Title point value | P_236 |
| 650 ## - SUBJECT ADDED ENTRY--TOPICAL TERM | |
| Topical term or geographic name entry element | Project |
| 710 ## - ADDED ENTRY--CORPORATE NAME | |
| Corporate name or jurisdiction name as entry element | Dr Farhat Javed |
| 9 (RLIN) | 47955 |
| 942 ## - ADDED ENTRY ELEMENTS (KOHA) | |
| Source of classification or shelving scheme | |
| Koha item type | Book |
| Withdrawn status | Lost status | Source of classification or shelving scheme | Damaged status | Not for loan | Permanent Location | Current Location | Date acquired | Total Checkouts | Full call number | Barcode | Date last seen | Date last checked out | Price effective from | Koha item type | Public note |
|---|---|---|---|---|---|---|---|---|---|---|---|---|---|---|---|
| Military College of Engineering (MCE) | Military College of Engineering (MCE) | 12/01/2014 | 1 | P-236 | MCE-P-236 | 07/27/2020 | 03/20/2020 | 12/01/2014 | Book | Project |
